Diccionario criminalístico (Registro nro. 13250)
[ vista simple ]
| 000 -Cabecera | |
|---|---|
| Campo de control de longitud fija | 00509nam a22002057a 4500 |
| 005 - Fecha y hora de la última transacción | |
| Campo de control | 20250207151309.0 |
| 008 - Elementos de longitud fija--Información general | |
| Campo de control de longitud fija | 220315b1998 xxu||||| |||| 00| 0 spa d |
| 020 ## - International Standard Book Number | |
| Número Internacional Estándar del Libro (ISBN) | 9509099635 |
| 041 ## - Idioma | |
| Código de idioma | Español |
| 082 ## - Clasificación Decimal Dewey | |
| Número de clasificación | R 363.250.3 C391d |
| 100 ## - Entrada principal--Autor personal | |
| Nombre personal | Cejas Mazzotta, Guillermo |
| 245 ## - Título propiamente dicho | |
| Título | Diccionario criminalístico |
| 260 ## - Pie de imprenta | |
| Lugar de publicación, distribución, etc. | Argentina |
| 260 ## - Pie de imprenta | |
| Nombre del editor, distribuidor, etc. | Ediciones Jurídicas Cuyo |
| 260 ## - Pie de imprenta | |
| Fecha de publicación, distribución, etc. | 1998 |
| 300 ## - Descripción física | |
| Extensión | 232 páginas |
| 650 ## - Materia general | |
| Temática (materia general) | DICCIONARIOS |
| 650 ## - Materia general | |
| Temática (materia general) | CRIMINALÍSTICA |
| 942 ## - Punto de acceso adicional KOHA | |
| Tipo de ítem KOHA | Referencia |
| Fuente del sistema de clasificación o colocación | Dewey Decimal Classification |
| Signatura completa | Código de barras | Tipo de ítem |
|---|---|---|
| R 363.250.3 C391d | 5410 | Referencia |